000 00713nmm a2200241 a 4500
003 AR-BaBNM
005 20251128202958.0
008 254019s1970 ||||||||||||||000 | spa||
040 _cAR-BaBNM
100 1 _aForino, Sabatino A.
245 1 0 _aLas empresas del estado en la República Argentina
_baspectos normativos y económico-financieros en el Estado moderno
260 _aBuenos Aires
_bEdiciones Macchi
_c1970
300 0 _a256 p.
_btablas
650 4 _aESTADO
650 4 _aCAPITALISMO
650 4 _aEMPRESAS PUBLICAS
650 4 _aTELECOMUNICACION
650 4 _aINVERSIONES EXTRANJERAS
650 4 _aPRESUPUESTO NACIONAL
650 4 _aADMINISTRACION PUBLICA
942 _cBK
998 _cJacobzon
999 _c1343
_d1343